| 000 | 00897cam a22002291i 4500 | ||
|---|---|---|---|
| 003 | SA-RiAUC | ||
| 005 | 20250129080526.0 | ||
| 008 | 250112s1990 ua g e 00000 ara c | ||
| 040 |
_aSA-MaUQU _bara _cSA-RiAUC _erda |
||
| 082 | 0 | 4 | _a250 |
| 090 |
_a250 _b م ص ر |
||
| 110 | 1 |
_aمصر. _bالمجلس الأعلى للشؤون الإسلامية _eمؤلف. |
|
| 245 | 1 | 0 |
_a موسوعة الفقه الإسلامي / _cالمجلس الأعلى للشؤون الإسلامية. |
| 264 | 1 |
_aالقاهرة : _bالمجلس الأعلى للشؤون الإسلامية، _c1989 |
|
| 300 |
_a مجلد ؛ _c27 سم |
||
| 336 |
_aنص _btxt _2rdacontent _3كتاب |
||
| 337 |
_aبدون وسيط _bn _2rdamedia |
||
| 338 |
_aمجلد _bnc _2rdacarrier |
||
| 650 | 7 |
_aالفقه الإسلامي _vدوائر معارف _2aucsh |
|
| 942 |
_2ddc _cBOOK _n0 |
||
| 949 |
_aSA-JeALM _d250112 _uosman123 _n1 |
||
| 999 |
_c5407 _d5407 |
||